Normal view
MARC view
- Pande Alka
Entry Personal Name
001 - CONTROL NUMBER
- control field: 216367
003 - CONTROL NUMBER IDENTIFIER
- control field: OSt
005 - DATE AND TIME OF LATEST TRANSACTION
- control field: 20260120142436.0
008 - FIXED-LENGTH DATA ELEMENTS
- fixed length control field: 260120|| aca||aabn | a|a d
040 ## - CATALOGING SOURCE
- Original cataloging agency: OSt
- Transcribing agency: OSt
100 ## - HEADING--PERSONAL NAME
- Personal name: Pande Alka
670 ## - SOURCE DATA FOUND
- Source citation: Work cat.: (OSt)369917: Pande Alka, 108 Portraits of Indian Design, 2023